1394 1001 1321 1247 1143 1060 1219 1591 1322 1186 1894 1391 1165 1170 1663 1184 1322 1193 1791 1537 1932 1764 1378 1113 1945 1843 1762 1051 1811 1227 1449 1531 1598 1414 1164 1322 1548 1245 1441 1627 1658 1224 1704 1346 1497 1989 1986 1717 1243 1972 1082 1503 1380 1558 1107 1206 1654 1184 1706 1873 1103 1149 1380 1672 1998 1030 1937 1712 1282 1137 1454 1154 1773 1466 1869 1682 1199 1060 1697 1202 1375 1774 1767 1629 1755 1439 1108 1316 1933 1360 1120 1773 1872 1900 1566 1262 1335 1252 1522 BCNSPRNW ULIB Ver.6.0+V

เปลี่ยนเป็นภาษาไทย

Change to English
 แสดงรายละเอียดบรรณานุกรม
  กลับหน้าหลัก

Brief Record : Get Marc (ISO 2709) : E-mail record : QR code < ปิดหน้าต่าง
LEADER : 00000nas 2200000uu 4500
001    13399124439
003     ULIB
008    150720s||||||||th 000 0 tha d
022 0  22870369
110 1  สถาบันบำบัดรักษาและฟื้นฟูผู้ติดยาเสพติดแห่งชาติบรมราชชนนี
245 00 วารสารวิชาการเสพติด/^สถาบันบำบัดรักษาและฟื้นฟูผู้ติดยาเสพติดแห่งชาติบรมราชชนนี
310    ^aราย 6 เดือน
850 ^a ULIB^bปีที่ 2 ฉบับที่ 1 ฉ.1 ;ปีที่ 2 ฉบับที่ 2 ฉ.1
945    ^p0^l0^i903151
945    ^p0^l0^i903152
999    ^aเกษร โพธิ์สุวรรณ
รายการนี้ยังไม่มีแท็ก
คุณยังไม่ได้ล็อกอิน คุณสามารถมีกิจกรรมร่วมกับเว็บไซต์ได้ แต่ต้องล็อกอินก่อน ::
  ล็อกอิน

รายการสื่อสารสนเทศ (วารสาร)

ดูแบบ: กล่อง รายการ
ARRIVED
ปีที่ 2 ฉบับที่ 1 ฉ.1
สถานที่: ห้องสมุดวิทยาเขตสวรรค์ประชารักษ์ >วารสาร
ARRIVED
ปีที่ 2 ฉบับที่ 2 ฉ.1
สถานที่: ห้องสมุดวิทยาเขตสวรรค์ประชารักษ์ >วารสาร
รายการใกล้เคียง
    ชื่อเรื่อง [วารสารวิชาการเสพติด/^สถาบันบำบัดรักษาและฟื้นฟูผู้ติดยาเสพติดแห่งชาติบรมราชชนนี]

BibComment


ยังไม่เคยถูกคอมเมนท์

คอมเมนท์ทรัพยากรรายการนี้
  คอมเมนท์: วารสารวิชาการเสพต..


 Copyright 2026. Bcnsprnw @Library